| 000 | 00439nam a2200157 i 4500 | ||
|---|---|---|---|
| 001 | 130839 | ||
| 003 | ES-MaACL | ||
| 005 | 20230906193846.0 | ||
| 007 | t| | ||
| 008 | 070810s1932 cu ||||1| spa d | ||
| 100 | 1 |
_aZéndegui, Guillermo de. _9118175 |
|
| 245 | 1 | 0 |
_aVersos de fé y de entusiasmo / _cGuillermo de Zéndegui. |
| 260 |
_aLa Habana : _b[Alberto Soto], _c1932. |
||
| 300 |
_a107 p. ; _c19 cm. |
||
| 852 |
_aES-MaACL _jF-14552 |
||
| 999 |
_c130839 _d130839 |
||